000 00240 a2200097 4500
001 35344
100 _aSwamy N V C
245 _aMathematical Modeling in Science & Tech.
260 _aNew Delhi
_bTata McGraw Hill
_c
090 _c23376
_d23376
942 _aNUST-CAE
_cM
_c14865
999 _c270417
_d270417